000 00486nam a2200181Ia 4500
005 20250326141521.0
008 250326s9999 xx 000 0 und d
037 _aTextbook
040 _aFMSL
_beng
_cFMSL
041 _aeng
_2eng
084 _qFMSL
100 _aLondon M
_9744627
245 0 _aHuman resource forecasting and strategy development
_cLondon M
260 _aNew York
_bNew York, Quorum Books
_c1990
300 _a275p
942 _cTB
999 _c1290671
_d1290671